Bushido and the art of living : An inquiry into samurai values

What is Bushido? What is Budo? How are the culture and traditions of samurai connected with the modern martial arts? Is the ancient wisdom of Japan's feudal warriors truly relevant in the twenty-first century? If so, how can it be accessed? This book addresses these questions, and is a must rea...

Celý popis

Uloženo v:
Podrobná bibliografie
Hlavní autor: Bennett, Alexander
Médium: Kniha
Jazyk:Undetermined
Vydáno: Tokyo Japan Publishing Industry Foundation for Culture 2017
Témata:
Tagy: Přidat tag
Žádné tagy, Buďte první, kdo otaguje tento záznam!
Thư viện lưu trữ: Trung tâm Học liệu Trường Đại học Cần Thơ
LEADER 01083nam a2200217Ia 4500
001 CTU_236081
008 210402s9999 xx 000 0 und d
082 |a 646.7 
082 |b B471 
100 |a Bennett, Alexander 
245 0 |a Bushido and the art of living : 
245 3 |b An inquiry into samurai values 
245 0 |c Alexander Bennett 
260 |a Tokyo 
260 |b Japan Publishing Industry Foundation for Culture 
260 |c 2017 
520 |a What is Bushido? What is Budo? How are the culture and traditions of samurai connected with the modern martial arts? Is the ancient wisdom of Japan's feudal warriors truly relevant in the twenty-first century? If so, how can it be accessed? This book addresses these questions, and is a must read not only for martial artists, but also for those who want to know more about the enigmatic Japanese mind and notions of self-identity. 
650 |a Self-management (Psychology),Tự điều chỉnh bản thân 
904 |i Thuý Vi 
910 |a Tuyến 
980 |a Trung tâm Học liệu Trường Đại học Cần Thơ